Statistiques concernant Tous les Modèles DS Automobiles depuis 2010

Cliquez ici pour prendre le quiz!

Statistiques générales

  • Ce quiz a été pris 76 fois
  • Le résultat moyen est 6 sur 7

Statistiques - réponses

Années de ProductionRéponse% Correct
2010-2017Citroën DS 3 → DS 3
98%
2011-2018Citroën DS 4 → DS 4
98%
2021-...DS 4 II
98%
2011-2018Citroën DS 5 → DS 5
97%
2018-...DS 7 Crossback → DS 7
97%
2020-...DS 9
85%
2018-...DS 3 Crossback → DS 3
69%

Distribution des résultats

Percentile par nombre de réponses

% des personnes avec chaque résultat

Votre développement - résultats

Vous n’avez pas pris ce quiz